000 00660cam a2200205 a 4500
001 000007500
005 20200929154206.0
008 721219s1969 sp ab b 000 e spa
040 _aDO-SdBNP
_bspa
_cBNPHU
082 _a864.6
_bC392a
100 1 _aCela, Camilo José,
_d1916-2002.
_93188
245 1 0 _aAl servicio de algo /
_cCamilo José Cela.
260 _aMadrid :
_bAlfaguara,
_c1969.
300 _a584 p. :
_bil., mapas. ;
_c22 cm.
490 1 _aHombres, hechos e ideas
_v19
504 _aIncluye referencias bibliográficas.
650 4 _aEnsayos españoles
_93095
650 4 _aLiteratura española
_9632
830 0 _aHombres, hechos e ideas ;
_v19
_920827
999 _c7281
_d7281